| 000 | 004860000a22001570004500 | ||
|---|---|---|---|
| 003 | MACL | ||
| 005 | 20170621125203.0 | ||
| 008 | 170621b xxu||||| |||| 00| 0 eng d | ||
| 040 | _cmacl | ||
| 100 |
_aचतुर्वेदी,गोपाल _967695 |
||
| 245 | _aदॉंत में फँसी कुर्सी | ||
| 260 |
_bप्रभात प्रकाशन _c1996 |
||
| 350 | _a150 | ||
| 650 |
_aव्यंग्य _967696 |
||
| 942 |
_cHIN _k891.437/CHA _2ddc |
||
| 999 |
_c10964 _d10964 |
||